Statistics for Lana Del Rey - Summertime Sadness Lyrics

Click here to take the quiz!

General Stats

  • This quiz has been taken 87 times
  • The average score is 255 of 296

Answer Stats

Answer% Correct
I
100%
sadness
100%
su-
100%
Su-
100%
summertime
100%
Summertime
100%
go
98%
Got
98%
got
98%
That
98%
that
98%
on
97%
you
97%
dress
95%
my
95%
red
95%
the
95%
to
95%
baby
94%
me
94%
tonight
94%
a
92%
before
92%
in
92%
Kiss
92%
just
90%
know
90%
best
89%
Dancin'
89%
hard
87%
dark
84%
feel
84%
oh
84%
Oh
84%
wanted
84%
God
81%
I'm
81%
anymore
79%
it
79%
moonlight
79%
Nothin'
79%
you're
78%
pale
76%
scares
76%
air
75%
feelin'
75%
if
75%
I'll
75%
above
71%
fire
71%
forever
71%
happy
71%
Like
71%
like
71%
miss
71%
electric
70%
die
68%
sky
68%
Think
68%
beauty
67%
everywhere
67%
Honey
67%
sun
67%
alive
65%
queen
65%
style
65%
are
63%
never
63%
side
63%
sizzlin'
63%
stars
63%
bad
62%
better
62%
High
62%
Telephone
62%
than
62%
by
60%
goin'
60%
hair
60%
morning
60%
heavenly
59%
heels
59%
99
57%
gone
57%
'bout
56%
drive
56%
(Drive)
56%
Drive
56%
gonna
56%
snare
56%
up
56%
wires
56%
off
54%
big
52%
real
52%
down
51%
Even
51%
coast
48%
Cruisin'
48%
Done
43%
Later's
40%

Score Distribution

Percentile by Number Answered

Percent of People with Each Score

Your Score History

You have not taken this quiz